000 01033nam a2200325 a 4500
001 42962
003 BD-RjUL
005 20211209053625.0
008 160618s19831996enk b 000 0 eng d
020 _a0415104327
035 _a(OCoLC)59203544
035 _a(OCoLC)ocm59203544
035 _a(CStRLIN)NYCG87-B73672
035 _a(BD-RjUL)43080
035 _a(NNC)593896
040 _aUk
_cUk
_dDLC
_dCStRLIN
_dBD-RjUL
_beng
041 _aeng
082 0 4 _a328.410734
_219
_bWAS 1996
090 _aJN543
_b.W35 1987g
100 1 _aWalton, John K.
_9131934
245 1 4 _aThe Second Reform Act /
_cJohn K. Walton.
260 _aLondon :
_bMethuen,
_c1983 [Reprinted 1996]
300 _avii, 52 p. ;
_c22 cm.
490 1 _aLancaster pamphlets
504 _aIncludes bibliographical references (p. 51-52).
610 1 0 _aGreat Britain.
_bParliament
_9131936
650 0 _aRepresentative government and representation
_zGreat Britain
_xHistory
_y19th century.
_9130193
830 0 _aLancaster pamphlets.
_9116578
942 _2ddc
_cBK
999 _c42962
_d42962